[Event "ICS rated standard match"]
[Site "204.178.125.65"]
[Date "2000.04.17"]
[Round "?"]
[White "Hossa"]
[Black "Beastie"]
[Result "1-0"]
[WhiteElo "2327"]
[BlackElo "2200"]
[PlyCount "133"]
[EventDate "2000.??.??"]

1. e4 c5 2. Nf3 d6 3. d4 cxd4 4. Nxd4 Nf6 5. Nc3 e6 6. Be2 a6 7. O-O Be7 8. Bg5
Nxe4 9. Bxe7 Nxc3 10. Bxd8 Nxd1 11. Bc7 Nxb2 12. Bxd6 Nd7 13. c4 Na4 14. Rfe1
g6 15. Bf1 b6 16. Rab1 Bb7 17. Re3 Rd8 18. Nb3 Ba8 19. Rbe1 Rc8 20. Rd1 Nac5
21. Nxc5 Nxc5 22. Ra3 Rd8 23. Be2 Bb7 24. Bxc5 Rxd1+ 25. Bxd1 bxc5 26. Rb3 Bc8
27. Rb6 Kd7 28. Ba4+ Ke7 29. Rc6 Bd7 30. Rxa6 Bxa4 31. Rxa4 Rd8 32. g3 Rd1+ 33.
Kg2 Rc1 34. Kf3 Rc3+ 35. Ke2 Rc2+ 36. Kf3 Kf6 37. Ke3 h5 38. h3 Ke5 39. h4 Rc3+
40. Kd2 Kd4 41. Ra7 Kxc4 42. Ra4+ Kb5 43. Kxc3 Kxa4 44. Kc4 Ka3 45. Kxc5 Kxa2
46. Kd6 f5 47. Kxe6 f4 48. gxf4 Kb3 49. Kf6 Kc4 50. Kxg6 Kd4 51. f5 Ke5 52. f6
Ke6 53. f7 Ke7 54. f8=Q+ Kxf8 55. Kxh5 Kg7 56. Kg5 Kf7 57. h5 Kg7 58. h6+ Kf8
59. f4 Kf7 60. f5 Kf8 61. f6 Kg8 62. Kf5 Kh7 63. f7 Kxh6 64. f8=Q+ Kh7 65. Qe7+
Kh6 66. Qd7 Kh5 67. Qh7# {Beastie checkmated} 1-0

[Event "ICS rated standard match"]
[Site "204.178.125.65"]
[Date "2000.04.17"]
[Round "?"]
[White "Beastie"]
[Black "Hossa"]
[Result "1-0"]
[WhiteElo "2068"]
[BlackElo "2327"]
[PlyCount "151"]
[EventDate "2000.??.??"]

1. Nf3 Nc6 2. e4 e5 3. Bb5 Nf6 4. O-O Be7 5. Re1 d6 6. d4 exd4 7. Nxd4 Bd7 8.
Bf1 Nxd4 9. Qxd4 O-O 10. Nc3 Ng4 11. h3 Ne5 12. Rd1 Bg5 13. f4 Nc6 14. Qd3 Bh4
15. e5 Be6 16. exd6 cxd6 17. Be3 Qc8 18. Qxd6 Rd8 19. Qc5 Rxd1 20. Rxd1 a6 21.
Bd3 Bf6 22. a4 Qe8 23. Ne4 Bxb2 24. Rb1 b6 25. Qh5 Ba3 26. Rxb6 Bd7 27. Rb3 f5
28. Qxe8+ Bxe8 29. Bc4+ Kh8 30. Rxa3 fxe4 31. Bd5 Rb8 32. Bxe4 Rb4 33. Bd3 Rb1+
34. Kf2 Nb4 35. Be2 Bc6 36. Rb3 Rxb3 37. cxb3 Bb7 38. Bd2 Nd5 39. b4 Nf6 40.
Be1 Ne4+ 41. Kf1 h6 42. b5 axb5 43. Bxb5 Kh7 44. Bb4 g5 45. fxg5 hxg5 46. a5
Kg6 47. a6 Bd5 48. Bd3 Kf6 49. Ke2 Ke5 50. Ke3 Ng3 51. Ba5 Nf5+ 52. Kf2 Nd6 53.
Bd8 Ne4+ 54. Bxe4 Kxe4 55. Bxg5 Kf5 56. Bd2 Ke5 57. h4 Kf5 58. h5 Kf6 59. g4
Kf7 60. g5 Kg7 61. Bc3+ Kh7 62. g6+ Kh6 63. Ke3 Bg2 64. Kf4 Bc6 65. Kf5 Bd5 66.
a7 Bf3 67. Bd2+ Kg7 68. h6+ Kf8 69. h7 Ke7 70. h8=Q Kd7 71. Qd4+ Kc8 72. Qc4+
Kd7 73. Qe6+ Kc7 74. Ba5+ Kb7 75. Qb6+ Ka8 76. Qb8# {Hossa checkmated} 1-0

[Event "ICS rated blitz match"]
[Site "204.178.125.65"]
[Date "2000.04.17"]
[Round "?"]
[White "Hossa"]
[Black "QueenMaxima"]
[Result "0-1"]
[WhiteElo "2496"]
[BlackElo "2410"]
[PlyCount "108"]
[EventDate "2000.??.??"]

1. e4 c5 2. Nf3 e6 3. d4 cxd4 4. Nxd4 Nf6 5. Nc3 d6 6. Be2 Nc6 7. O-O Be7 8.
Bg5 O-O 9. Qd2 Nxd4 10. Qxd4 Nxe4 11. Nxe4 Bxg5 12. Qxd6 Qxd6 13. Nxd6 Be7 14.
Rad1 Rd8 15. Ne4 Bd7 16. Rfe1 Ba4 17. Bd3 Bb4 18. Re3 Rac8 19. a3 Ba5 20. b3
Bc6 21. c4 b5 22. Ng5 h6 23. Ne4 bxc4 24. bxc4 Bb7 25. Nd2 Bxd2 26. Rxd2 Rxc4
27. Bxc4 Rxd2 28. Rd3 Rxd3 29. Bxd3 e5 30. a4 g6 31. a5 e4 32. a6 Bd5 33. Bb5
f5 34. h4 Kg7 35. Kh2 f4 36. Bf1 e3 37. Kg1 Kf6 38. Bd3 Be4 39. Be2 Ke5 40. Kf1
Kd4 41. h5 gxh5 42. Bxh5 Kd3 43. Be2+ Kd2 44. fxe3 fxe3 45. Bc4 Bd3+ 46. Bxd3
Kxd3 47. Ke1 h5 48. Kf1 Kd2 49. Kg1 e2 50. Kh2 e1=Q 51. g3 Ke2 52. Kg2 Qf1+ 53.
Kh2 Kf2 54. g4 Qg2# {Hossa checkmated} 0-1

[Event "ICS rated blitz match"]
[Site "204.178.125.65"]
[Date "2000.04.17"]
[Round "?"]
[White "locotitov"]
[Black "Hossa"]
[Result "0-1"]
[WhiteElo "2332"]
[BlackElo "2476"]
[PlyCount "66"]
[EventDate "2000.??.??"]

1. e4 Nc6 2. d4 d5 3. e5 Bf5 4. Ne2 e6 5. Ng3 Bg6 6. h4 Nge7 7. h5 Bf5 8. Be2
f6 9. exf6 gxf6 10. c3 e5 11. dxe5 fxe5 12. Bg5 Rg8 13. Bxe7 Nxe7 14. Nd2 Qd7
15. Nxf5 Nxf5 16. Nf3 O-O-O 17. Nxe5 Qe7 18. Nf3 Rxg2 19. Qd3 Qe6 20. O-O-O
Rxf2 21. Rhe1 Bh6+ 22. Kb1 Ne3 23. Nd4 Qf7 24. Rc1 Rg8 25. Qb5 a6 26. Qd3 Ng2
27. Qh3+ Kb8 28. Bxa6 Bxc1 29. Rxc1 bxa6 30. Qd3 c5 31. Nc6+ Kc7 32. Ne5 Rb8
33. b3 Qf5 {locotitov resigns} 0-1

[Event "ICS rated blitz match"]
[Site "204.178.125.65"]
[Date "2000.04.17"]
[Round "?"]
[White "Hossa"]
[Black "locotitov"]
[Result "1-0"]
[WhiteElo "2486"]
[BlackElo "2322"]
[PlyCount "60"]
[EventDate "2000.??.??"]

1. e4 e5 2. Nf3 Nc6 3. Nc3 Nf6 4. Nxe5 Nxe5 5. d4 Nc6 6. d5 Bb4 7. dxc6 Nxe4 8.
Qd4 Bxc3+ 9. bxc3 O-O 10. Bd3 d5 11. O-O bxc6 12. Bxe4 dxe4 13. Qxe4 Qd5 14.
Qa4 c5 15. Be3 Bb7 16. Qg4 f5 17. Qh3 f4 18. Rfd1 fxe3 19. Rxd5 exf2+ 20. Kf1
Bxd5 21. Qd3 Rad8 22. Qb5 c6 23. Qa4 c4 24. Qxa7 Rde8 25. Qc5 Re1+ 26. Rxe1
Bxg2+ 27. Ke2 fxe1=Q+ 28. Kxe1 Bd5 29. a4 Re8+ 30. Kd2 h6 {locotitov resigns}
1-0

[Event "ICS rated blitz match"]
[Site "204.178.125.65"]
[Date "2000.04.17"]
[Round "?"]
[White "locotitov"]
[Black "Hossa"]
[Result "0-1"]
[WhiteElo "2313"]
[BlackElo "2495"]
[PlyCount "62"]
[EventDate "2000.??.??"]

1. e4 e5 2. f4 exf4 3. Nf3 g5 4. d4 g4 5. Bc4 gxf3 6. Qxf3 Qh4+ 7. g3 Qe7 8.
Bxf4 Nc6 9. c3 Nf6 10. O-O Nxe4 11. Nd2 Nxd2 12. Bxd2 Ne5 13. Qe2 Nxc4 14. Qxc4
d5 15. Qxd5 c6 16. Qh5 Be6 17. Bg5 Qd6 18. Rae1 Be7 19. Bxe7 Qxe7 20. Qa5 b6
21. Qe5 O-O-O 22. a4 h5 23. a5 h4 24. axb6 hxg3 25. hxg3 axb6 26. Ra1 Kb7 27.
b4 Rdg8 28. Rf2 Qh4 29. Ra7+ Kxa7 30. Qc7+ Ka6 31. b5+ cxb5 {locotitov resigns}
0-1

[Event "ICS rated blitz match"]
[Site "204.178.125.65"]
[Date "2000.04.17"]
[Round "?"]
[White "Hossa"]
[Black "locotitov"]
[Result "0-1"]
[WhiteElo "2503"]
[BlackElo "2305"]
[PlyCount "112"]
[EventDate "2000.??.??"]

1. e4 e5 2. Nf3 Nc6 3. Nc3 Nf6 4. Nxe5 Nxe5 5. d4 Nc6 6. d5 Bb4 7. Bg5 h6 8.
Bf4 Nxe4 9. Qd3 Nxc3 10. bxc3 Qf6 11. Qe3+ Kd8 12. O-O-O Qxc3 13. Qxc3 Bxc3 14.
dxc6 bxc6 15. Rd3 Bf6 16. Rb3 d6 17. Bc4 Be6 18. Bxe6 fxe6 19. Re1 Kd7 20. Be3
a5 21. Kd2 a4 22. Rb4 c5 23. Rb5 Rhb8 24. Reb1 Rxb5 25. Rxb5 Kc6 26. Rb1 d5 27.
f4 c4 28. c3 Ra5 29. g4 Rb5 30. Rxb5 Kxb5 31. Kc2 c5 32. Bd2 e5 33. fxe5 Bxe5
34. h4 d4 35. a3 Kc6 36. Be1 Kd5 37. g5 hxg5 38. hxg5 g6 39. Bh4 Ke4 40. Be1
Kf3 41. Kd1 d3 42. Bd2 Bf4 43. Kc1 Bxd2+ 44. Kxd2 Kf4 45. Kd1 Kxg5 46. Kd2 Kf4
47. Kd1 Ke3 48. Ke1 d2+ 49. Kd1 g5 50. Kc2 Ke2 51. Kb1 d1=Q+ 52. Kb2 Qd2+ 53.
Kb1 g4 54. Ka1 g3 55. Kb1 g2 56. Ka1 g1=R# {Hossa checkmated} 0-1

[Event "ICS rated standard match"]
[Site "204.178.125.65"]
[Date "2000.04.17"]
[Round "?"]
[White "Hossa"]
[Black "DrVigilante"]
[Result "0-1"]
[WhiteElo "2325"]
[BlackElo "2506"]
[PlyCount "158"]
[EventDate "2000.??.??"]

1. e4 e5 2. Nf3 Nc6 3. Bc4 Bc5 4. c3 Nf6 5. d4 exd4 6. cxd4 Bb4+ 7. Bd2 Bxd2+
8. Nbxd2 d5 9. exd5 Nxd5 10. Qb3 Na5 11. Qa4+ Nc6 12. Qb5 Nb6 13. Qc5 Qe7+ 14.
Qxe7+ Kxe7 15. Bb5 Nb4 16. O-O c6 17. a3 N4d5 18. Rfe1+ Be6 19. Bd3 Nf4 20. Be4
h6 21. a4 Rhd8 22. a5 Nbd5 23. a6 b6 24. Ne5 Rac8 25. Rac1 c5 26. Ndf3 Nb4 27.
Bb7 f6 28. Bxc8 Rxc8 29. g3 Nh3+ 30. Kg2 fxe5 31. Nxe5 Ng5 32. Rc3 Bd5+ 33. f3
Ne6 34. dxc5 Rxc5 35. Rd1 Rb5 36. Rd2 Nxa6 37. Ra3 Nec7 38. Re2 Kd6 39. Rd3 Nc5
40. Rd1 a5 41. Nf7+ Kd7 42. Kg1 Na4 43. Ne5+ Kc8 44. Rdd2 Nc5 45. Kg2 Nb3 46.
Rd1 Rb4 47. Rc2 Nd4 48. Rcd2 Nce6 49. h4 Bb7 50. Rc1+ Kb8 51. Rc3 Nc5 52. h5
Ncb3 53. Rf2 Nxf3 54. Nxf3 Nd4 55. b3 a4 56. bxa4 Rxa4 57. Kh3 Nxf3 58. Rcxf3
Bxf3 59. Rxf3 Ra5 60. g4 Rc5 61. Rf7 Rc7 62. Rxc7 Kxc7 63. Kg3 Kd6 64. Kf2 b5
65. Ke2 Kc5 66. Ke3 Kc4 67. Kf4 b4 68. Kf5 b3 69. g5 b2 70. Ke5 hxg5 71. Ke6 g4
72. Ke5 g3 73. h6 gxh6 74. Kf6 b1=Q 75. Ke7 g2 76. Kd7 g1=Q 77. Kc7 Qg7+ 78.
Kc8 Qbb7+ 79. Kd8 Qbd7# {Hossa checkmated} 0-1

[Event "ICS rated blitz match"]
[Site "204.178.125.65"]
[Date "2000.04.17"]
[Round "?"]
[White "Beastie"]
[Black "Hossa"]
[Result "1-0"]
[WhiteElo "2399"]
[BlackElo "2479"]
[PlyCount "129"]
[EventDate "2000.??.??"]

1. e4 e5 2. Nf3 Nc6 3. Bb5 a6 4. Ba4 Nf6 5. O-O Be7 6. Re1 b5 7. Bb3 O-O 8. c3
d5 9. exd5 Nxd5 10. Nxe5 Nxe5 11. Rxe5 c6 12. d4 Bd6 13. Re1 Qh4 14. g3 Qh3 15.
Re4 g5 16. Qf3 Bf5 17. Bxd5 cxd5 18. Re3 Be4 19. Rxe4 dxe4 20. Qf6 Qg4 21.
Qxg5+ Qxg5 22. Bxg5 Kg7 23. Nd2 f5 24. a4 h6 25. Be3 Bc7 26. b3 Ba5 27. c4 Bc3
28. Rd1 Rfc8 29. c5 Bb4 30. Nf1 bxa4 31. bxa4 Kg6 32. Bf4 Rd8 33. c6 Rac8 34.
d5 a5 35. Ne3 h5 36. c7 Rd7 37. d6 Kf7 38. Nxf5 Ke6 39. Nd4+ Kf6 40. Nc6 Ke6
41. Na7 Bxd6 42. Rxd6+ Rxd6 43. Nxc8 Rd1+ 44. Kg2 Rd3 45. Nd6 Rc3 46. c8=Q+
Rxc8 47. Nxc8 Kd5 48. Bd2 Ke6 49. Bxa5 Kd7 50. Nb6+ Ke6 51. Kh3 Kf5 52. Be1 e3
53. fxe3 h4 54. Kxh4 Ke4 55. a5 Kf5 56. g4+ Ke4 57. a6 Kd3 58. a7 Kc2 59. a8=Q
Kd3 60. Qd5+ Ke2 61. Bg3 Kxe3 62. Nc4+ Ke2 63. Qd2+ Kf3 64. Ne5+ Ke4 65. Qd3# {
Hossa checkmated} 1-0

[Event "ICS rated blitz match"]
[Site "204.178.125.65"]
[Date "2000.04.17"]
[Round "?"]
[White "Hossa"]
[Black "Beastie"]
[Result "0-1"]
[WhiteElo "2477"]
[BlackElo "2562"]
[PlyCount "144"]
[EventDate "2000.??.??"]

1. e4 c5 2. Nf3 Nc6 3. d4 cxd4 4. Nxd4 Nf6 5. Nc3 d6 6. Bg5 e6 7. Qd2 a6 8.
O-O-O h6 9. Be3 Be7 10. f4 Bd7 11. g3 b5 12. Bg2 b4 13. Nce2 Qa5 14. Kb1 Rc8
15. h3 O-O 16. g4 Nxd4 17. Nxd4 e5 18. Nf5 Bxf5 19. exf5 Qa4 20. Rhe1 Rfe8 21.
Re2 a5 22. g5 exf4 23. Bxf4 hxg5 24. Bxg5 Qd7 25. Rde1 Bd8 26. Rxe8+ Nxe8 27.
Bf4 Rc5 28. Qd3 Bh4 29. Re2 Bf6 30. Bh2 a4 31. Qe4 Be5 32. Bg1 Nf6 33. Qb7 Qxb7
34. Bxb7 Ra5 35. Be3 a3 36. bxa3 bxa3 37. Bc6 Bb2 38. Rf2 Re5 39. Rf3 Nd5 40.
Bxd5 Rxd5 41. Rf1 Rb5 42. Rf3 Be5+ 43. Kc1 Rb2 44. Bf4 Bxf4+ 45. Rxf4 Rxa2 46.
Rb4 Ra1+ 47. Rb1 Rxb1+ 48. Kxb1 Kf8 49. Ka2 Ke7 50. Kxa3 Kf6 51. Kb4 Kxf5 52.
Kc4 Ke4 53. Kc3 f5 54. Kd2 Kf3 55. h4 f4 56. Kd3 Kg3 57. Ke2 Kg2 58. Kd2 f3 59.
Kc3 f2 60. h5 f1=Q 61. Kb4 Qe2 62. c3 Kf3 63. Kb3 Ke4 64. Kb4 Kd3 65. Kb3 Qe5
66. Kb4 Qxc3+ 67. Kb5 Kd4 68. Kb6 Kd5 69. Kb7 Kc5 70. Ka6 Qb4 71. Ka7 Kc6 72.
h6 Qb7# {Hossa checkmated} 0-1

[Event "ICS rated blitz match"]
[Site "204.178.125.65"]
[Date "2000.04.17"]
[Round "?"]
[White "Beastie"]
[Black "Hossa"]
[Result "0-1"]
[WhiteElo "2644"]
[BlackElo "2475"]
[PlyCount "114"]
[EventDate "2000.??.??"]

1. e4 Nc6 2. Nf3 e5 3. Bb5 a6 4. Ba4 Nf6 5. O-O b5 6. Bb3 Be7 7. Nc3 d6 8. Nd5
Nxe4 9. d4 Bg4 10. Nxe7 Nxe7 11. dxe5 d5 12. a4 O-O 13. Be3 c5 14. c3 f6 15. h3
Bh5 16. axb5 fxe5 17. g4 Bg6 18. Rxa6 Rxa6 19. bxa6 c4 20. Ba4 Qb8 21. Qe2 Qd6
22. a7 Bf7 23. Ra1 Ra8 24. Bc2 Nf6 25. g5 Nd7 26. Nh4 e4 27. Bd4 Nc5 28. Qd1
Nd3 29. Bxd3 cxd3 30. Qb3 Qc7 31. Be5 Qxe5 32. Qb7 Rxa7 33. Rxa7 Qxg5+ 34. Ng2
Kf8 35. Qb8+ Be8 36. Kh2 d2 37. Ra8 Nc8 38. Ne3 Qxe3 39. fxe3 d1=Q 40. Qf4+ Ke7
41. Qg5+ Kf8 42. Rxc8 Qe2+ 43. Qg2 Qxe3 44. Rd8 Qf4+ 45. Qg3 Qd2+ 46. Kh1 Qc1+
47. Qg1 Qf4 48. Qc5+ Kf7 49. Qxd5+ Ke7 50. Kg2 Bc6 51. b4 Bxd5 52. Rxd5 e3 53.
Ra5 Qf2+ 54. Kh1 e2 55. Ra1 e1=Q+ 56. Rxe1+ Qxe1+ 57. Kg2 Qxc3 {Beastie resigns
} 0-1

[Event "ICS rated blitz match"]
[Site "204.178.125.65"]
[Date "2000.04.17"]
[Round "?"]
[White "Hossa"]
[Black "QueenMaxima"]
[Result "0-1"]
[WhiteElo "2479"]
[BlackElo "2454"]
[PlyCount "102"]
[EventDate "2000.??.??"]

1. e4 c5 2. Nf3 d6 3. d4 cxd4 4. Nxd4 Nf6 5. Nc3 a6 6. Bg5 e6 7. f4 Qb6 8. Qd2
Qxb2 9. Rb1 Qa3 10. f5 b5 11. Bd3 Be7 12. fxe6 fxe6 13. Rb3 Qa5 14. O-O O-O 15.
Nd5 Qd8 16. Nxe7+ Qxe7 17. Qf2 Nbd7 18. Nc6 Qe8 19. Qd4 Nc5 20. Qxd6 Nxb3 21.
axb3 Bb7 22. Ne7+ Kh8 23. Qxe6 Qd7 24. Qe5 Ng4 25. Qc5 Rxf1+ 26. Bxf1 Bxe4 27.
h3 Nf6 28. Qe5 Qa7+ 29. Kh2 Qb8 30. Qxb8+ Rxb8 31. Bxf6 gxf6 32. Bd3 Bxd3 33.
cxd3 Rd8 34. d4 Rxd4 35. Nc6 Rd6 36. Na5 f5 37. g3 b4 38. Nc4 Rc6 39. Ne3 a5
40. Kg2 a4 41. bxa4 Rc1 42. a5 b3 43. g4 b2 44. gxf5 b1=Q 45. Kf2 Qa2+ 46. Kf3
Rc3 47. Ke4 Qe2 48. a6 Qxe3+ 49. Kd5 Kg7 50. a7 Kf6 51. h4 Qe5# {
Hossa checkmated} 0-1

[Event "ICS rated blitz match"]
[Site "204.178.125.65"]
[Date "2000.04.17"]
[Round "?"]
[White "Hossa"]
[Black "QueenMaxima"]
[Result "0-1"]
[WhiteElo "2479"]
[BlackElo "2457"]
[PlyCount "106"]
[EventDate "2000.??.??"]

1. e4 c5 2. Nf3 Nc6 3. d4 cxd4 4. Nxd4 Nf6 5. Nc3 d6 6. Bg5 e6 7. Qd2 a6 8.
O-O-O h6 9. Be3 Be7 10. f4 Bd7 11. g3 O-O 12. Kb1 Ng4 13. Nxc6 Bxc6 14. Bd4 e5
15. Bg1 Qc7 16. Bh3 Nf6 17. Qe2 b5 18. fxe5 dxe5 19. Nd5 Bxd5 20. exd5 b4 21.
Be3 Rfe8 22. Rhf1 Qd6 23. g4 Rab8 24. Bg2 Nd7 25. Rf5 Rbc8 26. Rdf1 Rf8 27. Ba7
Qc7 28. Bf2 a5 29. Bg3 Bd6 30. Qf2 Nf6 31. h3 a4 32. Bh4 Bc5 33. Qf3 Bd4 34.
Qe2 Ne8 35. Bg3 Nd6 36. Bxe5 Qe7 37. Be4 Nxf5 38. Rxf5 Qc5 39. Bxd4 Qxd4 40.
Rf4 Rfe8 41. c4 f5 42. Bxf5 Qxf4 43. Be6+ Kh8 44. b3 Qg3 45. bxa4 Qg1+ 46. Kb2
Qd4+ 47. Kb1 Rxc4 48. Qf1 b3 49. axb3 Rb8 50. Qf8+ Rxf8 51. Bf5 Qd2 52. Ka1
Rxf5 53. bxc4 Rf1# {Hossa checkmated} 0-1

[Event "ICS rated standard match"]
[Site "204.178.125.65"]
[Date "2000.04.17"]
[Round "?"]
[White "afav"]
[Black "Hossa"]
[Result "0-1"]
[WhiteElo "2012"]
[BlackElo "2317"]
[PlyCount "44"]
[EventDate "2000.??.??"]

1. e4 e5 2. Nf3 Nc6 3. Bb5 a6 4. Ba4 Nf6 5. O-O Be7 6. Re1 b5 7. Bb3 d6 8. c3
O-O 9. d4 Bg4 10. h3 Bxf3 11. gxf3 exd4 12. cxd4 Qc8 13. Kh2 Na5 14. Bc2 Re8
15. Bf4 c5 16. Rg1 cxd4 17. Qxd4 Qxc2 18. Nd2 Nc6 19. Bh6 Nxd4 20. Bxg7 Nxf3+
21. Nxf3 Qxf2+ 22. Rg2 Ng4+ {afav resigns} 0-1

[Event "ICS rated blitz match"]
[Site "204.178.125.65"]
[Date "2000.04.17"]
[Round "?"]
[White "PostModernist"]
[Black "Hossa"]
[Result "1-0"]
[WhiteElo "2613"]
[BlackElo "2462"]
[PlyCount "125"]
[EventDate "2000.??.??"]

1. d4 d5 2. Nf3 Nf6 3. e3 e6 4. Nbd2 c5 5. c3 Nc6 6. Bd3 Bd6 7. O-O O-O 8. e4
cxd4 9. cxd4 e5 10. dxe5 Nxe5 11. Nxe5 Bxe5 12. exd5 Bg4 13. Nf3 Qd6 14. h3
Bxf3 15. Qxf3 Rfe8 16. Bc4 Rac8 17. Bb3 a5 18. Qd3 Bh2+ 19. Kh1 Bf4 20. Qb5
Bxc1 21. Raxc1 Rxc1 22. Rxc1 Qe5 23. Qxa5 Qxb2 24. Rc2 Qa1+ 25. Kh2 Qe5+ 26. g3
Qf5 27. Qc7 Ne4 28. Re2 Qf3 29. Bc4 Rf8 30. d6 Nxf2 31. Qxf7+ Qxf7 32. Bxf7+
Kxf7 33. Rxf2+ Kg8 34. Rb2 b5 35. Rxb5 Rf2+ 36. Kg1 Rd2 37. Rb6 Kf7 38. a4 Kf6
39. a5 Rd1+ 40. Kf2 Rd3 41. a6 Ke6 42. a7 Ra3 43. Rb7 Kxd6 44. Rxg7 h6 45. g4
Ke6 46. h4 Ke5 47. g5 hxg5 48. hxg5 Ra2+ 49. Ke3 Ra3+ 50. Kd2 Kd5 51. g6 Ke6
52. Rb7 Ra2+ 53. Kc3 Ra3+ 54. Kb2 Rh3 55. Rb6+ Ke5 56. a8=Q Rh2+ 57. Ka1 Kd4
58. Rb4+ Kc3 59. Qa3+ Kd2 60. Rb2+ Ke1 61. Qe3+ Kf1 62. Rb1+ Kg2 63. Rg1# {
Hossa checkmated} 1-0

[Event "ICS rated standard match"]
[Site "204.178.125.65"]
[Date "2000.04.17"]
[Round "?"]
[White "Hossa"]
[Black "PostModernist"]
[Result "0-1"]
[WhiteElo "2322"]
[BlackElo "2373"]
[PlyCount "130"]
[EventDate "2000.??.??"]

1. e4 c5 2. Nf3 d6 3. d4 Nf6 4. Nc3 cxd4 5. Nxd4 Nc6 6. Bg5 e6 7. Bb5 Bd7 8.
O-O Be7 9. Qd3 O-O 10. Bxc6 bxc6 11. Rad1 Qa5 12. Qd2 Qc7 13. Nf3 Be8 14. Bxf6
Bxf6 15. Qxd6 Qxd6 16. Rxd6 Rb8 17. Na4 Rb4 18. b3 Rxe4 19. Rd2 Be7 20. Nc3 Rb4
21. Rd3 h5 22. Re1 Rb7 23. Re5 g6 24. Re2 Rd7 25. Red2 Rxd3 26. Rxd3 f6 27. Ne4
e5 28. c3 f5 29. Ned2 e4 30. Re3 Bf7 31. Ne5 Bg5 32. Re2 Rd8 33. Nf1 Be8 34.
Nc4 Bf6 35. Re3 Rd1 36. f3 Bf7 37. Na5 Bd5 38. fxe4 fxe4 39. Nb7 Rc1 40. Kf2
Bxc3 41. Re2 Kg7 42. Ne3 h4 43. Rc2 Rxc2+ 44. Nxc2 Be5 45. g3 h3 46. Nc5 Bd6
47. Nb7 Bc7 48. Kf1 Bb6 49. Nd6 Kf6 50. Na3 Ke5 51. Nac4+ Bxc4+ 52. Nxc4+ Kd4
53. Nxb6 axb6 54. Ke2 c5 55. g4 e3 56. a4 g5 57. Kd1 Kd3 58. Ke1 e2 59. a5 bxa5
60. b4 Ke3 61. bxc5 a4 62. c6 a3 63. c7 a2 64. c8=Q a1=Q+ 65. Qc1+ Qxc1# {
Hossa checkmated} 0-1

[Event "ICS rated blitz match"]
[Site "204.178.125.65"]
[Date "2000.04.17"]
[Round "?"]
[White "Amateur"]
[Black "Hossa"]
[Result "1-0"]
[WhiteElo "2567"]
[BlackElo "2453"]
[PlyCount "137"]
[EventDate "2000.??.??"]

1. e4 Nc6 2. d4 d5 3. exd5 Qxd5 4. Nf3 e5 5. Nc3 Bb4 6. Bd2 Bxc3 7. Bxc3 exd4
8. Nxd4 Nxd4 9. Qxd4 Qxd4 10. Bxd4 Kf8 11. Bc4 Ne7 12. O-O-O Bg4 13. Rd3 Nc6
14. Bc5+ Kg8 15. Re1 h5 16. h3 Bf5 17. Rf3 Bg6 18. Bd5 Nd8 19. Rg3 Kh7 20. Rb3
c6 21. Bf3 b6 22. Be3 Rc8 23. Ra3 Rc7 24. Bf4 Rd7 25. Bb8 a5 26. Rb3 b5 27.
Rbe3 c5 28. Bh2 Rd4 29. Re7 Rc4 30. c3 Ra4 31. a3 Ne6 32. Rb7 Ng5 33. Bc6 Be4
34. Bxe4+ Rxe4 35. Rxe4 Nxe4 36. f3 Nf2 37. Rxb5 a4 38. Bg3 Nd3+ 39. Kc2 Rd8
40. Ra5 g5 41. h4 f6 42. Rxa4 Kg6 43. b4 gxh4 44. Bxh4 Nf4 45. Ra6 Nxg2 46.
Rxf6+ Kg7 47. Rg6+ Kxg6 48. Bxd8 Ne1+ 49. Kd1 cxb4 50. cxb4 Ng2 51. b5 Ne3+ 52.
Ke2 Nc4 53. b6 Na5 54. Be7 Kf5 55. Bb4 Nb7 56. a4 h4 57. a5 h3 58. Kf2 Nd8 59.
a6 Nc6 60. a7 h2 61. Kg2 Nxb4 62. a8=Q Ke6 63. Qa4 Nd3 64. b7 h1=R 65. Kxh1 Ne1
66. b8=Q Nd3 67. Qa6+ Ke7 68. Qbb7+ Kf8 69. Qaa8# {Hossa checkmated} 1-0

[Event "ICS rated blitz match"]
[Site "204.178.125.65"]
[Date "2000.04.17"]
[Round "?"]
[White "Hossa"]
[Black "PostModernist"]
[Result "0-1"]
[WhiteElo "2442"]
[BlackElo "2622"]
[PlyCount "158"]
[EventDate "2000.??.??"]

1. e4 c6 2. d4 d5 3. Nc3 dxe4 4. Nxe4 Nd7 5. Ng5 Nb6 6. Bd3 g6 7. N1f3 Bg7 8.
O-O Nh6 9. c3 O-O 10. Ne4 Qc7 11. Bg5 f6 12. Be3 Ng4 13. Bc2 f5 14. Bb3+ Nd5
15. Nc5 e6 16. Bg5 b6 17. Nd3 h6 18. Bc1 Bd7 19. c4 Ne7 20. Bf4 Qd8 21. Qd2 g5
22. Bd6 Re8 23. Rfe1 Nc8 24. Ba3 Ne7 25. Qe2 a5 26. h3 Nf6 27. Nde5 Nc8 28. Ba4
Qc7 29. Nd2 Rb8 30. Rac1 Na7 31. b3 Rbd8 32. Ndf3 Nc8 33. Nxd7 Nxd7 34. Bb2 Nd6
35. Ba1 Ne4 36. a3 Ra8 37. Rc2 Ra7 38. h4 gxh4 39. Nd2 Nxd2 40. Rxd2 Nf6 41.
Qf3 Ne4 42. Qh5 Rc8 43. Rd3 Qf4 44. Qe2 Bf8 45. Bb2 Bd6 46. Rh3 Ng5 47. Rh1 h3
48. Bc1 Qe4 49. Qxe4 h2+ 50. Kf1 Nxe4 51. Bxh6 Rb7 52. g4 b5 53. gxf5 exf5 54.
Bxb5 cxb5 55. c5 Bb8 56. Rd1 Rh7 57. Be3 Re8 58. Rd3 Rh3 59. Kg2 f4 60. Kxh3
fxe3 61. Rxe3 Nxf2+ 62. Kg2 Rxe3 63. Kxf2 Rxb3 64. a4 bxa4 65. d5 Ba7 66. Rxh2
Bxc5+ 67. Ke2 Rb2+ 68. Kd3 Rxh2 69. Kc4 Bd6 70. Kb5 a3 71. Kc6 Bb4 72. d6 a2
73. d7 Rc2+ 74. Kb7 Be7 75. Ka7 a1=Q 76. d8=Q+ Bxd8 77. Kb7 Qb1+ 78. Ka7 Qb6+
79. Ka8 Rc8# {Hossa checkmated} 0-1

[Event "ICS rated bullet match"]
[Site "204.178.125.65"]
[Date "2000.04.17"]
[Round "?"]
[White "Hossa"]
[Black "PostModernist"]
[Result "0-1"]
[WhiteElo "2329"]
[BlackElo "2384"]
[PlyCount "128"]
[EventDate "2000.??.??"]

1. e4 c5 2. Nf3 d6 3. d4 Nf6 4. Nc3 cxd4 5. Nxd4 Nc6 6. Bg5 e6 7. Bb5 Bd7 8.
O-O Be7 9. Qd3 O-O 10. Bxc6 bxc6 11. Nb3 d5 12. Rfe1 dxe4 13. Nxe4 Nxe4 14.
Bxe7 Qxe7 15. Rxe4 Rfd8 16. Qc3 f6 17. Nc5 Bc8 18. b4 e5 19. Qb3+ Qf7 20. c4
Bf5 21. Re2 Rd4 22. Rc1 Rad8 23. Ree1 Be6 24. Qf3 Rxc4 25. Rxc4 Bxc4 26. Qxc6
Bxa2 27. Nb7 Rd2 28. Qc8+ Qf8 29. Qc3 Rd4 30. Nc5 Bd5 31. g3 a5 32. f4 axb4 33.
Qc2 Rc4 34. Qf2 Qxc5 35. Qxc5 Rxc5 36. fxe5 fxe5 37. Rxe5 b3 38. Re2 Rc1+ 39.
Kf2 Rc2 40. h3 Rxe2+ 41. Kxe2 b2 42. Ke3 b1=Q 43. Kd4 Bg2 44. h4 Qb4+ 45. Ke3
Qc3+ 46. Ke2 Qxg3 47. h5 Bf3+ 48. Ke3 Bxh5+ 49. Ke4 Bg6+ 50. Kd4 Qd3+ 51. Kc5
Qd7 52. Kc4 Qc6+ 53. Kd4 Qb6+ 54. Kc3 Qd6 55. Kb3 Qd4 56. Ka3 Qc3+ 57. Ka2 Bf7+
58. Kb1 Qb3+ 59. Kc1 Qd3 60. Kb2 g5 61. Kc1 Qc3+ 62. Kb1 Bg6+ 63. Ka2 Qb4 64.
Ka1 Qa3# {Hossa checkmated} 0-1

[Event "ICS rated bullet match"]
[Site "204.178.125.65"]
[Date "2000.04.17"]
[Round "?"]
[White "PostModernist"]
[Black "Hossa"]
[Result "1-0"]
[WhiteElo "2397"]
[BlackElo "2316"]
[PlyCount "155"]
[EventDate "2000.??.??"]

1. d4 Nf6 2. c4 d6 3. Nf3 Nbd7 4. Nc3 e5 5. g3 exd4 6. Nxd4 Be7 7. Bg2 O-O 8.
O-O Ne5 9. b3 c6 10. Bb2 Re8 11. Re1 Bg4 12. h3 Bd7 13. e4 Qc8 14. g4 c5 15.
Ndb5 Bxb5 16. Nxb5 Qb8 17. g5 Nfd7 18. h4 Nb6 19. f4 Ng6 20. Qg4 Qc8 21. Qg3 a6
22. Nc3 Bf8 23. Rad1 Ne7 24. f5 Nc6 25. f6 Rb8 26. Nd5 Nxd5 27. exd5 Nd4 28.
Bxd4 cxd4 29. Rxe8 Qxe8 30. Rxd4 Qe2 31. fxg7 Bxg7 32. Re4 Qd1+ 33. Bf1 Bd4+
34. Kg2 Qc2+ 35. Re2 Qg6 36. Re7 Qc2+ 37. Be2 Bc5 38. Qf3 Rf8 39. Rxb7 Qxa2 40.
Re7 Qb1 41. Bd3 Qa1 42. Kh3 Bb4 43. Qe4 Qg7 44. Re8 Qh8 45. h5 h6 46. Qe7 Rxe8
47. Qxe8+ Kg7 48. Qxh8+ Kxh8 49. gxh6 Bd2 50. h7 Bb4 51. Kh4 Ba5 52. c5 dxc5
53. d6 c4 54. Bxc4 Kxh7 55. Bxa6 Kg8 56. h6 Kh7 57. Kh5 Kh8 58. d7 Bc7 59. Bd3
Bd8 60. h7 Bb6 61. b4 Bd8 62. Kh6 Be7 63. Bb1 Bf8+ 64. Kh5 Be7 65. b5 Bd8 66.
Bf5 Kg7 67. Kg4 Bc7 68. Kf3 Bb6 69. Ke4 Bc7 70. Kd5 Bd8 71. Kc6 Kh8 72. b6 Bf6
73. b7 Kg7 74. b8=Q Kh6 75. d8=Q Bxd8 76. h8=Q+ Kg5 77. Qg3+ Kxf5 78. Qhe5# {
Hossa checkmated} 1-0